| 000 | 01016nam a2200241Ia 4500 | ||
|---|---|---|---|
| 999 |
_c38108 _d38108 |
||
| 001 | 4096 | ||
| 003 | GE_BSU | ||
| 005 | 20190930120757.0 | ||
| 008 | 181216s1974||||ge |||||||||||||| ||geo|| | ||
| 040 | _cGE_BSU | ||
| 041 | _ageo | ||
| 080 | _a94(479.223)-39(=353.1) კ–36 | ||
| 100 |
_aკახიძე, ნოდარ _91519 |
||
| 245 |
_aმაჭახლის ხეობა : _bისტორიულ–ეთნოგრაფიული ნარკვევი / _cრედ.: მ. გეგეშიძე. |
||
| 264 |
_aბათუმი : _bსაბჭოთა აჭარა, _c1974. |
||
| 300 |
_a101 გვ. ; _b22 სმ. |
||
| 520 | _aრეზუმე რუს. და გერმ. ენაზე. | ||
| 653 | _aაჭარის ისტორია | ||
| 653 | _a ქართველების ეთნოგრაფია | ||
| 653 | _aაჭარლები | ||
| 700 |
_aგეგეშიძე, მ. _eრედაქტორი _93925 |
||
| 942 |
_cBK _2udc |
||